000 00867nam a2200277 4500
001 143381
003 ES-MaACL
005 20230906200809.0
007 t|
008 070214s1958 sp r ||||1| spa d
100 1 _aSéneca, Lucio Anneo.
_9105451
245 1 0 _aTeatro completo
_b: ; Medea ; Fedra ; Las troyanas ; Las fenicias ; Hércules enloquecido ; Edipo /
_cLucio Anneo Séneca ; traducción, prólogo y notas de Agustín Blanquez.
260 _aBarcelona :
_bIberia,
_c1958.
300 _aXV, 329 p. ;
_c19 cm.
490 1 _aObras maestras
700 1 _aBlanquez, Agustín.
_929327
740 0 _aMedea.
740 0 _aFedra.
740 0 _aLas troyanas.
740 0 _aLas fenicias.
740 0 _aHércules enloquecido.
740 0 _aEdipo.
830 0 _aObras maestras
_9181001
852 _aES-MaACL
_jC-14806
_bR.42867
999 _c143381
_d143381